Top 10 najpopularniejszych imion żeńskich na literę I - Statystyki

Ogólne statystyki
  • Ten quiz został rozwiązany 85 razy
  • Średni wynik to 5 z 10
Statystyki odpowiedzi
Miejsce Ile nadanych Imię % Poprawnych
2 209,399 Irena
88%
1 232,538 Iwona
86%
4 47,261 Iga
80%
3 159,409 Izabela
79%
6 6,061 Ida
54%
5 7,986 Inga
38%
7 5,042 Irmina
35%
9 1,004 Inka
15%
8 4,024 Irina
13%
10 954 Irma
9%
Nie znaleziono quizów pasujących do podanych kryteriów
Rozkład punktacji
Procent ludzi z każdym wynikiem
Percentyl według liczby udzielonych odpowiedzi
Twoja historia wyników
Nie rozwiązałeś tego quizu